[Event "Perth AUS Open"]
[Site "?"]
[Date "2023.01.05"]
[Round "5.3"]
[White "Morris, James"]
[Black "Weller, Tony"]
[Result "1-0"]
[WhiteElo "2456"]
[BlackElo "1639"]
[PlyCount "77"]
[EventDate "2023.01.??"]
[EventRounds "11"]
[EventCountry "AUS"]
[SourceVersionDate "2023.01.02"]

1. e4 c5 2. Nf3 e6 3. b3 Nc6 4. Bb2 d5 5. Bb5 a6 6. Bxc6+ bxc6 7. Nc3 Bb7 8. O-O Nf6 9. d3 Be7 10. Qe2 d4 11. Na4 Qc7 12. Rac1 O-O 13. Ba3 Rfd8 14. Bxc5 Bxc5 15. Nxc5 Qb6 16. Na4 Qc7 17. c3 dxc3 18. Rxc3 Ng4 19. Rc5 Rd7 20. h3 Nf6 21. d4 Rad8 22. Qe3 h6 23. Rfc1 a5 24. Nb2 Kh7 25. Nc4 a4 26. bxa4 g5 27. Nce5 Rd6 28. a5 Nh5 29. a6 Ba8 30. Ng4 f6 31. e5 Rd5 32. Nxf6+ Nxf6 33. exf6 Rxc5 34. Rxc5 Qf7 35. Rxg5 Qxf6 36. Qe4+ Kh8 37. Rg6 Qf8 38. Qe5+ Kh7 39. Qh5 1-0

[Event "Perth AUS Open"]
[Site "?"]
[Date "2023.01.05"]
[Round "5.4"]
[White "Nguyen Hong Anh"]
[Black "Fu Yihe, Rebo"]
[Result "1-0"]
[WhiteElo "1954"]
[BlackElo "2149"]
[PlyCount "95"]
[EventDate "2023.01.??"]
[EventRounds "11"]
[EventCountry "AUS"]
[SourceVersionDate "2023.01.02"]

1. d4 Nf6 2. c4 e6 3. Nc3 Bb4 4. Qc2 O-O 5. a3 Bxc3+ 6. Qxc3 d5 7. Bg5 Nbd7 8. Nf3 c6 9. e3 h6 10. Bh4 Re8 11. Bd3 dxc4 12. Bxc4 Qb6 13. O-O Ne4 14. Qc2 Nd6 15. Ba2 Nf5 16. Bg3 Nxg3 17. hxg3 Qb5 18. Rac1 e5 19. Bc4 Qa5 20. Qg6 Rf8 21. Qh5 b5 22. Bd3 exd4 23. Nxd4 c5 24. Qd5 Ba6 25. b4 Qxa3 26. Nc2 Qc3 27. Qxd7 Rad8 28. Qxa7 Ra8 29. Qd7 Rfd8 30. Qc6 Qxd3 31. bxc5 Rdc8 32. Qf3 Qg6 33. Nb4 Ra7 34. c6 Qd6 35. Rb1 Rcc7 36. Rfd1 Qe6 37. Qf4 Bc8 38. Rd6 Qe8 39. Qd4 Qe7 40. Qd3 g6 41. Rd1 Qe5 42. Qd4 Qxd4 43. exd4 Be6 44. Rd8+ Kg7 45. d5 Ra4 46. dxe6 Rxb4 47. R1d7 Rxd7 48. exd7 1-0

[Event "Perth AUS Open"]
[Site "?"]
[Date "2023.01.05"]
[Round "5.5"]
[White "Young, Micah"]
[Black "Wallis, Christopher"]
[Result "1/2-1/2"]
[WhiteElo "1845"]
[BlackElo "2313"]
[PlyCount "134"]
[EventDate "2023.01.??"]
[EventRounds "11"]
[EventCountry "AUS"]
[SourceVersionDate "2023.01.02"]

1. e4 e5 2. Nf3 Nc6 3. Bb5 Nf6 4. d3 Bc5 5. c3 O-O 6. O-O d5 7. Bxc6 bxc6 8. Nxe5 dxe4 9. dxe4 Ba6 10. Qxd8 Raxd8 11. Re1 Nxe4 12. Be3 Bxe3 13. fxe3 Rd6 14. Na3 Re8 15. Nec4 Rd5 16. Rad1 Nc5 17. Rd4 Ne6 18. Rd2 Rxd2 19. Nxd2 c5 20. Ndc4 Rd8 21. Kf2 Bb7 22. h4 h5 23. g3 Be4 24. Re2 Rd5 25. Nd2 Bd3 26. e4 Rd8 27. Re3 f6 28. Nac4 Kf7 29. b3 Ke7 30. Nb2 Ba6 31. Nbc4 Bb7 32. Ke2 Rg8 33. Nf3 Ba6 34. Kd3 Rd8+ 35. Kc2 Bxc4 36. bxc4 Rf8 37. Kd3 Kd6 38. Ke2 Rb8 39. Rd3+ Ke7 40. Rd2 g5 41. hxg5 fxg5 42. Ne5 Rb1 43. Rd1 Rxd1 44. Kxd1 Kf6 45. Nd7+ Kg7 46. Ke2 h4 47. gxh4 gxh4 48. Kf2 Kg6 49. Ne5+ Kh5 50. a4 Ng5 51. a5 a6 52. Nd7 Nxe4+ 53. Kg2 Kg4 54. Nb8 Nd2 55. Nxa6 Nxc4 56. Nxc5 Nxa5 57. Na6 c6 58. Nb4 c5 59. Nd3 c4 60. Nb2 h3+ 61. Kh2 Kh4 62. Kg1 Kg3 63. Kh1 Nb3 64. Nxc4 Nc5 65. Nd2 Nd3 66. Ne4+ Kf4 67. Kh2 Kxe4 1/2-1/2

[Event "Perth AUS Open"]
[Site "?"]
[Date "2023.01.05"]
[Round "5.7"]
[White "Stojic, Dusan"]
[Black "Saxon, Marc"]
[Result "1/2-1/2"]
[WhiteElo "2219"]
[BlackElo "1813"]
[PlyCount "93"]
[EventDate "2023.01.??"]
[EventRounds "11"]
[EventCountry "AUS"]
[SourceVersionDate "2023.01.02"]

1. Nf3 Nf6 2. c4 g6 3. b4 Bg7 4. Bb2 O-O 5. e3 c6 6. Be2 Qc7 7. O-O Re8 8. d4 d5 9. Nc3 Bg4 10. Qb3 e6 11. Rac1 Ne4 12. Rfd1 Qe7 13. h3 Nxc3 14. Bxc3 Bxf3 15. Bxf3 Nd7 16. e4 dxc4 17. Qxc4 e5 18. d5 Nb6 19. Qb3 cxd5 20. exd5 e4 21. d6 Qg5 22. d7 Red8 23. Bxe4 Rxd7 24. Bxg7 Kxg7 25. Qc3+ Qf6 26. Rxd7 Nxd7 27. Bxb7 Qxc3 28. Rxc3 Rb8 29. Rc7 Nf6 30. Bc6 Rxb4 31. Rxa7 Rc4 32. Ba4 Ne4 33. Bb3 Rc1+ 34. Kh2 Nd2 35. Rxf7+ Kh6 36. g3 Rc3 37. Bd5 Rd3 38. Be6 Rd6 39. Re7 Nf3+ 40. Kg2 Ne1+ 41. Kf1 Nf3 42. Bg8 Rd1+ 43. Kg2 Ne1+ 44. Kh1 Nf3+ 45. Kg2 Ne1+ 46. Kf1 Nf3+ 47. Kg2 1/2-1/2

[Event "Perth AUS Open"]
[Site "?"]
[Date "2023.01.05"]
[Round "5.8"]
[White "Jordan, William"]
[Black "Rozuwiecka, Anna"]
[Result "1-0"]
[WhiteElo "2181"]
[BlackElo "1798"]
[PlyCount "57"]
[EventDate "2023.01.??"]
[EventRounds "11"]
[EventCountry "AUS"]
[SourceVersionDate "2023.01.02"]

1. Nf3 b6 2. e4 c5 3. d4 cxd4 4. Nxd4 Bb7 5. Nc3 e6 6. Ndb5 d6 7. a4 a6 8. Nd4 Nf6 9. Bd3 Nbd7 10. Qe2 Nc5 11. O-O Qc7 12. f4 Be7 13. Bd2 h5 14. b4 Ncd7 15. Rae1 g6 16. h3 h4 17. e5 Nh5 18. Nxe6 Qb8 19. exd6 Qxd6 20. Nc7+ Kf8 21. Nxa8 Bxa8 22. Ne4 Qd4+ 23. Qe3 Qd5 24. c4 Qb7 25. Bc3 Ndf6 26. Rf2 Rh7 27. Nxf6 Nxf6 28. Qxe7+ Qxe7 29. Rxe7 1-0

[Event "Perth AUS Open"]
[Site "?"]
[Date "2023.01.05"]
[Round "5.9"]
[White "Chinbat, Chinguun"]
[Black "Kargosha, Bahman"]
[Result "1/2-1/2"]
[WhiteElo "1787"]
[BlackElo "2096"]
[PlyCount "109"]
[EventDate "2023.01.??"]
[EventRounds "11"]
[EventCountry "AUS"]
[SourceVersionDate "2023.01.02"]

1. d4 Nf6 2. Nf3 d5 3. c4 e6 4. e3 Be7 5. Nc3 O-O 6. Bd3 b6 7. O-O Bb7 8. Re1 c5 9. cxd5 exd5 10. b3 Nbd7 11. Bb2 Re8 12. Ne2 Bf8 13. Nf4 Ne4 14. Nd2 cxd4 15. Bxd4 Bb4 16. Bxe4 dxe4 17. a3 Bc5 18. Bb2 Ne5 19. Bxe5 Rxe5 20. b4 Bf8 21. Nc4 Re8 22. Qg4 Qc8 23. Qe2 Ba6 24. Rec1 Qc6 25. Nd6 Qxc1+ 26. Rxc1 Bxe2 27. Nxe8 Bb5 28. Nc7 Rc8 29. Rc3 Bd7 30. Nb5 Rxc3 31. Nxc3 f5 32. Kf1 a5 33. Nfd5 axb4 34. axb4 b5 35. Ne2 Bc6 36. Nec3 Bd6 37. h3 Kf7 38. f3 Ke6 39. fxe4 fxe4 40. Nf4+ Ke5 41. Na2 Be7 42. g3 Be8 43. Ne2 Bf7 44. Nec3 Be6 45. g4 g6 46. Kf2 Bh4+ 47. Kg2 Bc4 48. Nc1 Be1 49. N1a2 Bd2 50. Kf2 g5 51. Nb1 Bxe3+ 52. Kxe3 Bxa2 53. Nc3 Bc4 54. Nxe4 h6 55. Ng3 1/2-1/2

[Event "Perth AUS Open"]
[Site "?"]
[Date "2023.01.05"]
[Round "5.10"]
[White "Rice, Leah"]
[Black "Hare, Tim"]
[Result "1/2-1/2"]
[WhiteElo "1403"]
[BlackElo "2017"]
[PlyCount "54"]
[EventDate "2023.01.??"]
[EventRounds "11"]
[EventCountry "AUS"]
[SourceVersionDate "2023.01.02"]

1. d4 d6 2. Nf3 g6 3. e3 Bg7 4. Be2 Nf6 5. O-O O-O 6. b3 c6 7. Bb2 a5 8. c4 Bg4 9. Nc3 Nbd7 10. h3 Bxf3 11. Bxf3 Qc7 12. Qd2 Rfe8 13. e4 Rad8 14. d5 Nc5 15. Qc2 e5 16. Rad1 h5 17. Bc1 Nh7 18. Be3 Na6 19. a3 c5 20. Nb5 Qe7 21. Qd2 b6 22. g3 Rf8 23. Rde1 Nc7 24. Nxc7 Qxc7 25. a4 Qe7 26. Bg2 h4 27. g4 g5 1/2-1/2

[Event "Perth AUS Open"]
[Site "?"]
[Date "2023.01.05"]
[Round "5.11"]
[White "Bassig, Hamish"]
[Black "Can, Ryan"]
[Result "1-0"]
[WhiteElo "1973"]
[BlackElo "1658"]
[PlyCount "89"]
[EventDate "2023.01.??"]
[EventRounds "11"]
[EventCountry "AUS"]
[SourceVersionDate "2023.01.02"]

1. d4 Nf6 2. Nf3 e6 3. Bf4 b6 4. e3 Bb7 5. Bd3 Be7 6. h3 O-O 7. O-O c5 8. c3 d5 9. Nbd2 Nbd7 10. Qb1 h6 11. a4 a6 12. Bh2 c4 13. Bc2 b5 14. b3 Bc6 15. Qb2 Ne4 16. bxc4 Nxd2 17. Nxd2 bxc4 18. a5 Nf6 19. Nf3 Bd6 20. Ne5 Rb8 21. Qa2 Qc7 22. Kh1 Rb7 23. Rab1 Rfb8 24. Rxb7 Rxb7 25. Rb1 Bb5 26. f3 Nd7 27. Nxd7 Qxd7 28. e4 Bxh2 29. Kxh2 Qd8 30. Qa3 Qg5 31. exd5 Qf4+ 32. Kh1 exd5 33. Qc5 Bc6 34. Rg1 Qc7 35. Re1 g6 36. f4 Kg7 37. f5 Rb5 38. f6+ Kxf6 39. Qf8 Qf4 40. Kg1 Kg5 41. Qe7+ f6 42. Rf1 Rb7 43. Qe2 Qg3 44. Qd2+ Kh4 45. Qxh6# 1-0

[Event "Perth AUS Open"]
[Site "?"]
[Date "2023.01.05"]
[Round "5.12"]
[White "Teh Hui Lam"]
[Black "Li Hui"]
[Result "0-1"]
[WhiteElo "1706"]
[BlackElo "1956"]
[PlyCount "116"]
[EventDate "2023.01.??"]
[EventRounds "11"]
[EventCountry "AUS"]
[SourceVersionDate "2023.01.02"]

1. e4 c5 2. Nc3 Nc6 3. f4 g6 4. Nf3 Bg7 5. a4 a6 6. g3 d6 7. h3 e6 8. Bg2 Nge7 9. O-O O-O 10. d3 Rb8 11. Qe1 b5 12. axb5 axb5 13. Nd1 b4 14. Ne3 Bd7 15. g4 f5 16. exf5 exf5 17. g5 Qc7 18. Nd2 Rfe8 19. Ndc4 Nd4 20. Qf2 Bc6 21. Ra6 Ra8 22. Bxc6 Ndxc6 23. Rxa8 Rxa8 24. Qg2 Rd8 25. Nd5 Nxd5 26. Qxd5+ Kf8 27. Be3 Nd4 28. Bxd4 Bxd4+ 29. Kg2 Qe7 30. Kg3 Qe2 31. Nxd6 Qe7 32. Nxf5 Rxd5 33. Nxe7 Kxe7 34. b3 Ke6 35. Re1+ Kf7 36. Kg4 Bc3 37. Re4 Rd6 38. f5 Rd4 39. Kf4 Bd2+ 40. Kg4 gxf5+ 41. Kxf5 Rd5+ 42. Kg4 Bxg5 43. Re2 Bf6 44. Rf2 Re5 45. Kf4 Re1 46. Kg4 Kg6 47. Rg2 h5+ 48. Kf4+ Kf7 49. Kf3 Rh1 50. Kg3 h4+ 51. Kg4 Re1 52. Kf4 Re8 53. Rf2 Rg8 54. Ke4 Rg5 55. Kf4 Rg3 56. Rh2 Bd4 57. Ke4 Ke6 58. Kf4 Be5+ 0-1

[Event "Perth AUS Open"]
[Site "?"]
[Date "2023.01.05"]
[Round "5.13"]
[White "Qi, Mars"]
[Black "Shen, Fiona"]
[Result "1-0"]
[WhiteElo "2087"]
[BlackElo "1625"]
[PlyCount "137"]
[EventDate "2023.01.??"]
[EventRounds "11"]
[EventCountry "AUS"]
[SourceVersionDate "2023.01.02"]

1. d4 d5 2. Bf4 Nf6 3. e3 c6 4. c4 e6 5. Nc3 Bd6 6. Bg3 O-O 7. Nf3 Bxg3 8. hxg3 Nbd7 9. Qc2 h6 10. O-O-O dxc4 11. Bxc4 Nb6 12. Bd3 Nbd5 13. Ne5 Nb4 14. Qe2 Nxd3+ 15. Qxd3 b5 16. Kb1 b4 17. Na4 a5 18. Nc5 Qb6 19. g4 Qb5 20. Qc2 a4 21. g5 b3 22. axb3 axb3 23. Nxb3 hxg5 24. Ng4 Rd8 25. Nxf6+ gxf6 26. Rh6 f5 27. Rdh1 Kf8 28. Rh8+ Ke7 29. Rxd8 Kxd8 30. g3 Ra4 31. Rc1 Ba6 32. Nc5 Rc4 33. Qd2 Rxc1+ 34. Qxc1 Qf1 35. f4 Bd3+ 36. Nxd3 Qxd3+ 37. Ka2 Qa6+ 38. Kb3 gxf4 39. gxf4 Qd3+ 40. Qc3 Qb5+ 41. Qb4 Qd3+ 42. Ka4 Qxe3 43. Qd6+ Ke8 44. Qxc6+ Ke7 45. Qc7+ Ke8 46. Qd6 Qe4 47. b4 Qa8+ 48. Kb5 Qb7+ 49. Kc5 Qa7+ 50. Kc4 Qa2+ 51. Kb5 Qe2+ 52. Kb6 Qe4 53. b5 f6 54. Kc7 e5 55. Qe6+ Kf8 56. Qxf6+ Kg8 57. Qe6+ Kh7 58. Qxe5 Qc2+ 59. Kb6 Qe4 60. Ka7 Qc2 61. b6 Qa2+ 62. Kb8 Qg8+ 63. Kb7 Qg2+ 64. d5 Qe4 65. Qd6 Kg7 66. Kb8 Kf7 67. b7 Qe8+ 68. Kc7 Qh8 69. Qe6+ 1-0

[Event "Perth AUS Open"]
[Site "?"]
[Date "2023.01.05"]
[Round "5.14"]
[White "Teh Rui Gen"]
[Black "Ellis, David"]
[Result "1-0"]
[WhiteElo "2028"]
[BlackElo "1770"]
[PlyCount "65"]
[EventDate "2023.01.??"]
[EventRounds "11"]
[EventCountry "AUS"]
[SourceVersionDate "2023.01.02"]

1. e4 c6 2. d4 d5 3. Nc3 dxe4 4. Nxe4 Nf6 5. Nxf6+ gxf6 6. c3 Bf5 7. Nf3 e6 8. g3 Bd6 9. Bg2 Qc7 10. O-O Nd7 11. Nh4 Bg6 12. Bh6 Rg8 13. Qd2 O-O-O 14. b4 f5 15. a4 f4 16. b5 c5 17. a5 Bh5 18. b6 axb6 19. axb6 Nxb6 20. Ra7 fxg3 21. hxg3 Nd5 22. c4 Bxg3 23. fxg3 Qxg3 24. cxd5 Qxh4 25. Ra8+ Kd7 26. Rxd8+ Kxd8 27. dxc5 Kc8 28. c6 bxc6 29. dxc6 Rd8 30. Qa5 Qd4+ 31. Rf2 Qd1+ 32. Kh2 Be2 33. Bf4 1-0

[Event "Perth AUS Open"]
[Site "?"]
[Date "2023.01.05"]
[Round "5.15"]
[White "Vlietstra, Marc"]
[Black "Gao, Arthur"]
[Result "0-1"]
[WhiteElo "2007"]
[BlackElo "1754"]
[PlyCount "68"]
[EventDate "2023.01.??"]
[EventRounds "11"]
[EventCountry "AUS"]
[SourceVersionDate "2023.01.02"]

1. e4 c5 2. Nf3 Nc6 3. Nc3 Nf6 4. Bc4 e6 5. O-O d5 6. exd5 exd5 7. Bb5 Be7 8. d4 O-O 9. Bg5 c4 10. Ne2 Bg4 11. Bxc6 Bxf3 12. Bxb7 Bxe2 13. Qxe2 Rb8 14. Bc6 Rxb2 15. Rab1 Rxb1 16. Rxb1 h6 17. Rb7 hxg5 18. Qxe7 Qa5 19. Rxa7 Qb6 20. h4 Qxc6 21. hxg5 Ne4 22. f3 Nc3 23. f4 Qb6 24. f5 Qxd4+ 25. Kh1 Ne2 26. Qxe2 Qxa7 27. g6 Qb6 28. Qh5 fxg6 29. fxg6 Rf1+ 30. Kh2 Qg1+ 31. Kg3 Qf2+ 32. Kh2 Qf4+ 33. g3 Qf2+ 34. Kh3 Rh1+ 0-1

[Event "Perth AUS Open"]
[Site "?"]
[Date "2023.01.05"]
[Round "5.16"]
[White "Janceski, Alex"]
[Black "Kelly, Adam"]
[Result "0-1"]
[WhiteElo "1821"]
[BlackElo "2006"]
[PlyCount "112"]
[EventDate "2023.01.??"]
[EventRounds "11"]
[EventCountry "AUS"]
[SourceVersionDate "2023.01.02"]

1. d4 Nf6 2. g3 d5 3. Bg2 c5 4. c3 cxd4 5. cxd4 Nc6 6. Nc3 Bf5 7. a3 e6 8. Nf3 h6 9. O-O Bd6 10. b4 Rc8 11. Bb2 O-O 12. Rc1 Qe7 13. Qb3 Ne4 14. e3 Bh7 15. Nxe4 Bxe4 16. Nd2 Bxg2 17. Kxg2 Rc7 18. f3 Rfc8 19. f4 f5 20. Qd3 Nb8 21. Rxc7 Rxc7 22. Rc1 Rxc1 23. Bxc1 Nd7 24. Qc3 Nb6 25. h3 Qe8 26. Qd3 Qa4 27. Nb3 Nc4 28. Nc5 Bxc5 29. dxc5 a5 30. Qc3 axb4 31. axb4 Qa2+ 32. Kg1 Qb1 33. Kf2 Kh7 34. h4 Qa2+ 35. Kg1 Qb1 36. Kf2 Kg6 37. h5+ Kh7 38. Kg2 Qe4+ 39. Kf2 Qh1 40. b5 Qh2+ 41. Kf1 Qxh5 42. c6 bxc6 43. bxc6 Qe8 44. g4 Qxc6 45. gxf5 exf5 46. Ba3 Qa6 47. Bf8 Nxe3+ 48. Ke1 Qf1+ 49. Kd2 Nc4+ 50. Kc2 Qe2+ 51. Kb3 Qg4 52. Qd4 Qf3+ 53. Kb4 Qa3+ 54. Kb5 Qxf8 55. Qxd5 Nd6+ 56. Kc6 Qa8+ 0-1

[Event "Perth AUS Open"]
[Site "?"]
[Date "2023.01.05"]
[Round "5.17"]
[White "Salasan, Haran"]
[Black "Ho, Lachlan"]
[Result "1-0"]
[WhiteElo "2002"]
[BlackElo "1703"]
[PlyCount "99"]
[EventDate "2023.01.??"]
[EventRounds "11"]
[EventCountry "AUS"]
[SourceVersionDate "2023.01.02"]

1. d4 d5 2. c4 c6 3. Nc3 Nf6 4. e3 e6 5. Nf3 Nbd7 6. Be2 dxc4 7. a4 Bb4 8. Bxc4 O-O 9. O-O c5 10. Qe2 cxd4 11. Nxd4 e5 12. Nf3 e4 13. Nd4 Ne5 14. Bb3 a6 15. Bc2 Bg4 16. f3 exf3 17. gxf3 Bh3 18. Rd1 Qc7 19. Na2 Bc5 20. b4 Bxd4 21. Rxd4 Rad8 22. Bb2 Rxd4 23. Bxd4 Re8 24. Nc3 Qe7 25. Qf2 Nc4 26. Qh4 Nxe3 27. Re1 Nf5 28. Rxe7 Nxh4 29. Bxf6 Rxe7 30. Bxe7 Nxf3+ 31. Kf2 Nd4 32. Be4 Bc8 33. Nd5 f5 34. Bg2 Nc6 35. Bc5 Kf7 36. Ke3 g5 37. Kd3 Bd7 38. Nb6 Be6 39. Nc4 Kf6 40. Nd6 Ne5+ 41. Kc3 b5 42. a5 h5 43. Bb7 Ng4 44. Bg1 Ke5 45. Ne8 f4 46. Bd4+ Kf5 47. Ng7+ Kg6 48. Nxe6 Nxh2 49. Be4+ Kh6 50. Bg7# 1-0

[Event "Perth AUS Open"]
[Site "?"]
[Date "2023.01.05"]
[Round "5.18"]
[White "Hurst, Benjamin"]
[Black "Kinsman, Craig C"]
[Result "1/2-1/2"]
[WhiteElo "1628"]
[BlackElo "1986"]
[PlyCount "43"]
[EventDate "2023.01.??"]
[EventRounds "11"]
[EventCountry "AUS"]
[SourceVersionDate "2023.01.02"]

1. Nf3 Nf6 2. d4 e6 3. c4 b6 4. Nc3 Bb4 5. Qd3 Bb7 6. Bg5 h6 7. Bh4 g5 8. Bg3 Ne4 9. Be5 O-O 10. h4 g4 11. Nd2 f5 12. Qe3 Kh7 13. f3 Nxd2 14. Qxd2 d6 15. Bf4 Qf6 16. fxg4 fxg4 17. e3 Be4 18. Bd3 Bxd3 19. Qxd3+ Qf5 20. Qxf5+ Rxf5 21. O-O Bxc3 22. bxc3 1/2-1/2

[Event "Perth AUS Open"]
[Site "?"]
[Date "2023.01.05"]
[Round "5.19"]
[White "Baneshi, Kiamehr"]
[Black "Maris, Rob"]
[Result "1/2-1/2"]
[WhiteElo "1671"]
[BlackElo "1925"]
[PlyCount "43"]
[EventDate "2023.01.??"]
[EventRounds "11"]
[EventCountry "AUS"]
[SourceVersionDate "2023.01.02"]

1. e4 c5 2. Nf3 Nc6 3. d4 cxd4 4. Nxd4 e6 5. Be3 Qc7 6. Be2 Nf6 7. Nd2 Nxd4 8. Bxd4 Bc5 9. Bxf6 gxf6 10. Nb3 Bd6 11. Qd3 Bf4 12. g3 Bh6 13. Qd4 Qe5 14. f4 Qxd4 15. Nxd4 a6 16. Nf3 b6 17. e5 Bg7 18. O-O-O Bb7 19. Rd6 Bc6 20. Re1 Ke7 21. Rd3 Rhc8 22. exf6+ 1/2-1/2

[Event "Perth AUS Open"]
[Site "?"]
[Date "2023.01.05"]
[Round "5.20"]
[White "Arthur, James"]
[Black "Norris, Damian"]
[Result "1/2-1/2"]
[WhiteElo "1534"]
[BlackElo "1890"]
[PlyCount "35"]
[EventDate "2023.01.??"]
[EventRounds "11"]
[EventCountry "AUS"]
[SourceVersionDate "2023.01.02"]

1. e4 c5 2. Nf3 e6 3. d4 cxd4 4. Nxd4 Nf6 5. Bd3 Nc6 6. Nxc6 bxc6 7. O-O d5 8. exd5 cxd5 9. c4 d4 10. Nd2 Bb7 11. Re1 Qb6 12. Qb3 Qc7 13. Be4 Nxe4 14. Nxe4 Be7 15. Bf4 Qc6 16. Qg3 O-O-O 17. c5 g5 18. Bd6 1/2-1/2

[Event "Perth AUS Open"]
[Site "?"]
[Date "2023.01.05"]
[Round "5.21"]
[White "Hardegen, Kathryn"]
[Black "Li, Tedric"]
[Result "0-1"]
[WhiteElo "1887"]
[BlackElo "1688"]
[PlyCount "120"]
[EventDate "2023.01.??"]
[EventRounds "11"]
[EventCountry "AUS"]
[SourceVersionDate "2023.01.02"]

1. d4 Nf6 2. Nf3 g6 3. Bf4 Bg7 4. h3 O-O 5. e3 d6 6. Be2 c5 7. c3 Nc6 8. O-O Qb6 9. Qb3 Be6 10. Qxb6 axb6 11. a3 Rfe8 12. Nbd2 Bd5 13. Bb5 Red8 14. Bg5 Bxf3 15. Nxf3 Rac8 16. Rad1 h6 17. Bf4 Nd7 18. Bg3 e5 19. dxc5 Nxc5 20. Rfe1 f5 21. Bc4+ Kh7 22. Bd5 Ne7 23. h4 e4 24. Nh2 Nd3 25. Rxd3 exd3 26. Bxb7 Rc5 27. Rd1 Be5 28. Rxd3 Bxg3 29. fxg3 d5 30. b4 Rc7 31. Ba6 Ra8 32. b5 Rc4 33. Nf3 Ra7 34. Nd4 Rac7 35. Nc6 Nxc6 36. bxc6 R4xc6 37. Rxd5 Rxc3 38. a4 Rxe3 39. h5 Rxg3 40. hxg6+ Rxg6 41. Rxf5 Rc2 42. Bb7 Kg7 43. a5 Rc1+ 44. Kf2 Rf6 45. Rxf6 Kxf6 46. a6 Ra1 47. Ke3 Ke5 48. Kd3 Ra4 49. Kc3 Kd6 50. Kb3 b5 51. Kc3 Kc5 52. Kb3 Kb6 53. Kc3 h5 54. Kb3 h4 55. Kc3 Rxa6 56. Bxa6 Kxa6 57. Kb3 Kb6 58. Kb4 Kc6 59. Kb3 Kd5 60. Kb4 Ke4 0-1

[Event "Perth AUS Open"]
[Site "?"]
[Date "2023.01.05"]
[Round "5.24"]
[White "Cadag, Herbert"]
[Black "Novakovic, Velibor"]
[Result "0-1"]
[WhiteElo "1557"]
[BlackElo "1911"]
[PlyCount "126"]
[EventDate "2023.01.??"]
[EventRounds "11"]
[EventCountry "AUS"]
[SourceVersionDate "2023.01.02"]

1. e4 e5 2. Bc4 Nf6 3. Nc3 Nc6 4. Bb3 Bc5 5. h3 O-O 6. Nge2 d6 7. d3 Be6 8. Na4 Bxb3 9. axb3 Bb6 10. Nxb6 axb6 11. Rxa8 Qxa8 12. O-O h6 13. f4 exf4 14. Bxf4 Kh7 15. Ng3 Ne7 16. d4 Ng6 17. Bxh6 Nxe4 18. Nxe4 gxh6 19. h4 f5 20. h5 Ne7 21. Ng3 Qc8 22. Qf3 c6 23. Qf4 Qe6 24. Rf3 Nd5 25. Qd2 Ne7 26. Qd3 Kh8 27. Ne2 Rg8 28. Nf4 Qe1+ 29. Rf1 Qe4 30. Qd2 Rg4 31. Re1 Qxf4 32. Qxf4 Rxf4 33. Rxe7 Rxd4 34. Rxb7 b5 35. Rb6 Rd1+ 36. Kh2 c5 37. Kg3 Rd2 38. Kf3 b4 39. g4 fxg4+ 40. Kxg4 Kg7 41. Kf5 Rf2+ 42. Ke4 Rxc2 43. Rxd6 Rxb2 44. Rg6+ Kh7 45. Rg3 Rh2 46. Kf5 Rxh5+ 47. Kf6 Rd5 48. Rg7+ Kh8 49. Rc7 Rd6+ 50. Kf7 Kh7 51. Rxc5 Rd3 52. Rc7 Rf3+ 53. Ke6+ Kg6 54. Rc4 Re3+ 55. Kd5 Rxb3 56. Kd4 h5 57. Rc5 Rb1 58. Re5 h4 59. Re2 b3 60. Ke4 b2 61. Ke3 Kf5 62. Rf2+ Kg4 63. Rf4+ Kg5 0-1

[Event "Perth AUS Open"]
[Site "?"]
[Date "2023.01.05"]
[Round "5.25"]
[White "Holland, Dennis"]
[Black "Schiavone, Emmanuel"]
[Result "1-0"]
[WhiteElo "1899"]
[BlackElo "1573"]
[PlyCount "85"]
[EventDate "2023.01.??"]
[EventRounds "11"]
[EventCountry "AUS"]
[SourceVersionDate "2023.01.02"]

1. d4 Nf6 2. Nf3 d5 3. c4 e6 4. e3 c5 5. a3 Nc6 6. Nc3 cxd4 7. Nxd4 e5 8. Nxc6 bxc6 9. cxd5 cxd5 10. Bb5+ Bd7 11. Qa4 Be7 12. O-O Bxb5 13. Qxb5+ Qd7 14. Rd1 Qxb5 15. Nxb5 Kd7 16. Nc3 Ke6 17. b4 Rhc8 18. Bb2 Rc4 19. Rac1 a6 20. Na4 Rac8 21. Rxc4 Rxc4 22. Rc1 Rxc1+ 23. Bxc1 d4 24. exd4 exd4 25. Bb2 Ke5 26. Kf1 Ke4 27. Ke2 Nd5 28. f3+ Ke5 29. g3 Nc7 30. Kd3 Ne6 31. Nb6 g5 32. Nd7+ Kd5 33. Nb8 Nc7 34. Bxd4 a5 35. bxa5 Bxa3 36. a6 f5 37. a7 Na8 38. g4 fxg4 39. fxg4 Be7 40. Nd7 Bd8 41. Nf6+ Ke6 42. Nxh7 Kf7 43. Ke4 1-0

[Event "Perth AUS Open"]
[Site "?"]
[Date "2023.01.05"]
[Round "5.26"]
[White "Harris, Eamon"]
[Black "Lee, Alexandre KM"]
[Result "0-1"]
[WhiteElo "1884"]
[BlackElo "1558"]
[PlyCount "138"]
[EventDate "2023.01.??"]
[EventRounds "11"]
[EventCountry "AUS"]
[SourceVersionDate "2023.01.02"]

1. e4 e6 2. d4 d5 3. e5 c5 4. c3 Nc6 5. Be3 Qb6 6. Qd2 Bd7 7. f4 Nh6 8. Nf3 Nf5 9. Bf2 cxd4 10. cxd4 Rc8 11. Nc3 Na5 12. Rc1 Nc4 13. Bxc4 Rxc4 14. O-O h5 15. Ne2 Bb4 16. Qd1 Rxc1 17. Nxc1 O-O 18. a3 Be7 19. Qd2 Rc8 20. Ne2 Bb5 21. Rd1 Bxe2 22. Qxe2 Qb3 23. Rb1 g6 24. Qd1 Qxd1+ 25. Rxd1 Rc2 26. Rb1 Kf8 27. h3 Bd8 28. g4 hxg4 29. hxg4 Nh6 30. Nh2 Bb6 31. Be3 Rxh2 32. Kxh2 Nxg4+ 33. Kg3 Nxe3 34. Re1 Nf5+ 35. Kg2 Ne7 36. b4 Ke8 37. Rh1 Nc6 38. Rh8+ Kd7 39. Kg3 Bxd4 40. Kg4 Bb6 41. Kg5 Ke7 42. b5 Nd8 43. a4 Bc5 44. Rh2 b6 45. Rc2 Nb7 46. Rh2 Be3 47. Rh8 d4 48. Kg4 Nd8 49. Kf3 Bd2 50. Ke4 Bc3 51. Kd3 Kd7 52. Rh7 Bb2 53. Kc2 Ba3 54. Rh3 Bb4 55. Kd3 Bc3 56. Rh7 Ke7 57. Rh8 Nb7 58. Ra8 Nc5+ 59. Kc2 Ba5 60. Rxa7+ Kf8 61. Ra8+ Kg7 62. Rd8 d3+ 63. Kb1 d2 64. Kc2 Ne4 65. Rd4 Nf2 66. Rxd2 Bxd2 67. Kxd2 Ne4+ 68. Ke3 Nc3 69. a5 Nd5+ 0-1

[Event "Perth AUS Open"]
[Site "?"]
[Date "2023.01.05"]
[Round "5.27"]
[White "Pimenov, Alex"]
[Black "Koh, Shannon"]
[Result "1/2-1/2"]
[WhiteElo "1800"]
[BlackElo "1541"]
[PlyCount "107"]
[EventDate "2023.01.??"]
[EventRounds "11"]
[EventCountry "AUS"]
[SourceVersionDate "2023.01.02"]

1. d4 Nf6 2. c4 g6 3. Nc3 d5 4. cxd5 Nxd5 5. e4 Nxc3 6. bxc3 Bg7 7. Be3 c5 8. Bb5+ Nc6 9. Ne2 cxd4 10. Bxc6+ bxc6 11. cxd4 O-O 12. Rc1 Bb7 13. O-O c5 14. d5 e6 15. dxe6 Bxe4 16. Bxc5 Re8 17. exf7+ Kxf7 18. Ng3 Bd5 19. Rc2 Qd7 20. Rd2 Red8 21. Ne4 Kg8 22. Nd6 Be6 23. Re1 Bf7 24. Nxf7 Qxd2 25. Nxd8 Qxd8 26. Qb3+ Kh8 27. Qf7 Qg8 28. Qb7 Re8 29. Rxe8 Qxe8 30. g3 a5 31. Qd5 a4 32. Qb7 h6 33. Qe7 Qb5 34. a3 Qb3 35. Bb4 Qd1+ 36. Qe1 Qxe1+ 37. Bxe1 Bf8 38. Bc3+ Kg8 39. Kf1 Bxa3 40. Ke2 Kf7 41. Kd3 Ke6 42. Kc4 Bc1 43. g4 h5 44. f3 h4 45. Be1 Ke5 46. Bxh4 Kf4 47. Be1 Kxf3 48. h3 g5 49. h4 gxh4 50. Bxh4 Kxg4 51. Be7 Ba3 52. Bxa3 Kf4 53. Kb4 Ke4 54. Kxa4 1/2-1/2

[Event "Perth AUS Open"]
[Site "?"]
[Date "2023.01.05"]
[Round "5.28"]
[White "Marriott, Max"]
[Black "Stewart, Clint"]
[Result "0-1"]
[WhiteElo "1533"]
[BlackElo "1799"]
[PlyCount "44"]
[EventDate "2023.01.??"]
[EventRounds "11"]
[EventCountry "AUS"]
[SourceVersionDate "2023.01.02"]

1. d4 f5 2. e4 fxe4 3. Nc3 Nf6 4. Bg5 Nc6 5. f3 e5 6. dxe5 Nxe5 7. fxe4 Bb4 8. Qd4 Bxc3+ 9. Qxc3 d6 10. Nf3 O-O 11. Nxe5 dxe5 12. Bc4+ Kh8 13. O-O Qe7 14. Rad1 Bg4 15. Bxf6 Qc5+ 16. Kh1 Bxd1 17. Bxg7+ Kxg7 18. Rxd1 Rad8 19. Qg3+ Kh8 20. Bd3 Rf4 21. Qg5 Rdf8 22. Bc4 Qd4 0-1

[Event "Perth AUS Open"]
[Site "?"]
[Date "2023.01.05"]
[Round "5.29"]
[White "Holliday, Bruce M"]
[Black "Taylor, Noah"]
[Result "1-0"]
[WhiteElo "1760"]
[BlackElo "1525"]
[PlyCount "37"]
[EventDate "2023.01.??"]
[EventRounds "11"]
[EventCountry "AUS"]
[SourceVersionDate "2023.01.02"]

1. e4 e5 2. Nf3 Nc6 3. Bb5 a6 4. Ba4 Nf6 5. O-O d6 6. d4 b5 7. Bb3 Bg4 8. c3 exd4 9. cxd4 Bxf3 10. gxf3 Be7 11. Nc3 Qd7 12. Kh1 Qh3 13. Rg1 Kf8 14. Rg3 Qh4 15. Bg5 Qh5 16. Bxf6 Bxf6 17. Bd5 Nxd4 18. Bxa8 Be5 19. f4 1-0